000
00339nam a2200157Ia 4500
003
OSt
005
20240404121127.0
008
170523s9999 xx 000 0 und d
020
_a
NIL
040
_c
IIMTU MEERUT
100
_a
SANCHETI- KAPOOR
245
0
_a
STATISTICS
260
_b
DELHI SULTAN CHAND
260
_c
1995
942
_2
ddc
_c
02
999
_c
249
_d
249